Fast friends / (Record no. 233534)

000 -LEADER
fixed length control field 00650pam a2200217 i 4500
001 - CONTROL NUMBER
control field 4629039
003 - CONTROL NUMBER IDENTIFIER
control field Nust
005 - DATE AND TIME OF LATEST TRANSACTION
control field 20170308152646.0
008 - FIXED-LENGTH DATA ELEMENTS--GENERAL INFORMATION
fixed length control field 790605s1979 nyu 000 1 eng
010 ## - LIBRARY OF CONGRESS CONTROL NUMBER
LC control number 78022732
020 ## - INTERNATIONAL STANDARD BOOK NUMBER
International Standard Book Number 9780755332496
Terms of availability $8.95
040 ## - CATALOGING SOURCE
Original cataloging agency DLC
Transcribing agency DLC
Modifying agency DLC
050 00 - LIBRARY OF CONGRESS CALL NUMBER
Classification number PZ4.D222
Item number Fas
Classification number PS3554.A717
082 00 - DEWEY DECIMAL CLASSIFICATION NUMBER
Classification number 813.54
Author Mark MAN
100 1# - MAIN ENTRY--PERSONAL NAME
Personal name Mansell, Jill
245 10 - TITLE STATEMENT
Title Fast friends /
Statement of responsibility, etc. Jill Mansell
250 ## - EDITION STATEMENT
Edition statement 1st ed.
260 ## - PUBLICATION, DISTRIBUTION, ETC.
Place of publication, distribution, etc. Garden City, N.Y. :
Name of publisher, distributor, etc. Doubleday,
Date of publication, distribution, etc. 1979.
300 ## - PHYSICAL DESCRIPTION
Extent 600 p. ;
Dimensions 22 cm.
906 ## - LOCAL DATA ELEMENT F, LDF (RLIN)
a 7
b cbc
c orignew
d 1
e ocip
f 19
g y-gencatlg
942 ## - ADDED ENTRY ELEMENTS (KOHA)
Source of classification or shelving scheme
Koha item type Book
Holdings
Withdrawn status Lost status Source of classification or shelving scheme Damaged status Not for loan Permanent Location Current Location Shelving location Date acquired Total Checkouts Total Renewals Full call number Barcode Date last seen Date last checked out Copy number Price effective from Koha item type
          Central Library (CL) Central Library (CL) Fiction 03/08/2017 2 4 813.54 MAN CL1562 09/01/2022 11/20/2020 1 03/08/2017 Book
© 2023 Central Library, National University of Sciences and Technology. All Rights Reserved.